Normal view
MARC view
Entry Topical Term
001 - CONTROL NUMBER
- control field: 4002
003 - CONTROL NUMBER IDENTIFIER
- control field: OSt
005 - DATE AND TIME OF LATEST TRANSACTION
- control field: 20110511171651.0
008 - FIXED-LENGTH DATA ELEMENTS
- fixed length control field: 110511|||a|||||| | ||| d
040 ## - CATALOGING SOURCE
- Original cataloging agency: OSt
- Transcribing agency: OSt
150 ## - HEADING--TOPICAL TERM
- Topical term or geographic name as entry element: Criminal law
- Geographic subdivision: Commonwealth countries
- Form subdivision: Cases.
670 ## - SOURCE DATA FOUND
- Source citation: Work cat.: (OSt)0: Law reports of the Commonwealth Cumulative index 2008 Vol 5 /, c1994-
